000 00487nam a2200181 4500
003 SEACOMMC
005 20250425135313.0
008 241127b |||||||| |||| 00| 0 eng d
020 _a 978-93-80673-05-9.
_cRs.240.00
040 _aSEACOMMC
082 _a 512.5
_bC 435
100 _a Chakravorty,J G
245 1 _aAdvanced Higher Algebra
_cJ G Chakravorty and P R Ghosh
250 _a9th ed.
260 _a Kolkata
_b U N Dhur
_c 2007
650 _a Mathematics:Algebra
942 _cBOOK
999 _c796
_d796